Vízia vývoja politického systému SR
Základný náčrt vízie vývoja politického systému. Determinanty vývoja politického systému SR. Potreby pri rozvoji politického systému SR. Rómska komunita.
Saved in:
| Main Author: | |
|---|---|
| Format: | Book Chapter |
| Language: | Slovak |
| Subjects: | |
| Tags: |
No Tags, Be the first to tag this record!
|
MARC
| LEADER | 00000nla$a2200000$$$4500 | ||
|---|---|---|---|
| 001 | 0080516 | ||
| 005 | 20221207083716.8 | ||
| 041 | 0 | |a slo | |
| 044 | |a SK | ||
| 245 | 1 | 0 | |a Vízia vývoja politického systému SR |c Rastislav Tóth |
| 520 | |a Základný náčrt vízie vývoja politického systému. Determinanty vývoja politického systému SR. Potreby pri rozvoji politického systému SR. Rómska komunita. | ||
| 610 | 2 | 0 | |a systémy politické |
| 610 | 2 | 0 | |a vízie |
| 610 | 2 | 0 | |a vývoj |
| 610 | 2 | 0 | |a Slovensko |
| 100 | 1 | |a Tóth, Rastislav | |